ბათუმის შოთა რუსთაველის სახელმწიფო უნივერსიტეტის ბიბლიოთეკა

ტურიზმი : ეკონომიკა და ბიზნესი : VI საერთაშორისო სამეცნიერო-პრაქტიკული კონფერენცია, ბათუმი, 10-11 ივნისი, 2017 : პროგრამა / (ბიბ.ჩანაწერი № 56865)

000 -ლიდერი
ფიქსირებული სიგრძის საკონტროლო ველი 01438nam a22001937a 4500
003 - საკონტროლო ნომრის იდენტიფიკატორი
საკონტროლო ველი Ge_BSU
005 - ბოლო ოპერაციის თარიღი და დრო
საკონტროლო ველი 20190523155549.0
008 - ფიქსირებული სიგრძის მონაცემთა ელემენტები - ზოგადი ინფორმაცია
ფიქსირებული სიგრძის საკონტროლო ველი 190523b2017 ge ||||| |||| 00| 0 geo d
041 ## - ენის კოდი
Language code of text/sound track or separate title geo
080 ## - უნივერსალური ათობითი კლასიფიკაციის ინდექსი
Universal Decimal Classification number 338.48 (479.22) (063) ტ-92
245 ## - ცნობა სათაურის შესახებ
Title ტურიზმი : ეკონომიკა და ბიზნესი : VI საერთაშორისო სამეცნიერო-პრაქტიკული კონფერენცია, ბათუმი, 10-11 ივნისი, 2017 : პროგრამა /
264 ## - წარმოების, გამოცემის, დისტრიბუციის და სხვა ცნობები
გამოცემის, წარმოების, დისტრიბუციის... ადგილი ბათუმი, თბილისი :
გამოცემის, წარმოების, დისტრიბუციის... სახელწოდება უნივერსალი,
გამოცემის, წარმოების, დისტრიბუციის... თარიღი 2017.
300 ## - ფიზიკური აღწერა
Extent 28 გვ. :
Dimensions 20 სმ.
546 ## - LANGUAGE NOTE
Language note თავფურცლის მე-2 გვერდი ინგლ. ენაზე. ყდა ქართ. და ინგლ. ენებზე.
653 ## - INDEX TERM--UNCONTROLLED
Uncontrolled term საქართველოს ტურიზმის ეკონომიკა -- კონფერენციები
653 ## - INDEX TERM--UNCONTROLLED
Uncontrolled term ბიზნესი საქართველოში -- კონფერენციები
710 ## - ADDED ENTRY--CORPORATE NAME
Relator term ბათუმის შოთა რუსთაველის სახელმწ. უნ-ტი. ტურიზმის ფაკ-ტი. აჭარის არ ტურიზმისა და კურორტების დეპარტამენტი
9 (RLIN) 1536
942 ## - ADDED ENTRY ELEMENTS (KOHA)
Source of classification or shelving scheme
Koha item type წიგნი
ეგზემპლარები
ჩამოწერის სტატუსი დაკარგული ეგზემპლარის სტატუსი კლასიფიკაციის წყარო ან თაროზე გაწყობის სქემა დაზიანების სტატუსი არ გაიცემა მუდმივი მდებარეობა (დაცვის ადგილი) ამჟამინდელი ადგილსამყოფელი თაროზე განთავსების ადგილი შეძენის თარიღი ღირებულება, შესყიდვის ნორმალური ფასი სრული შენახვის შიფრი შტრიხკოდი ბოლო ოპერაციის თარიღი ეგზემპლარის მიმდევრობითი ნომერი (კეტერი?) ფასის ძალაში შესვლის თარიღი ეგზემპლარის სახეობა საჯარო შენიშვნა Uniform Resource Identifier
          ბათუმის შოთა რუსთაველის სახელმწიფო უნივერსიტეტის მთავარი ბიბლიოთეკა ბათუმის შოთა რუსთაველის სახელმწიფო უნივერსიტეტის მთავარი ბიბლიოთეკა წიგნსაცავი 2019-05-23 12.00 338.48 (479.22) (063) ტ-92 59585 2019-05-23 59585 2019-05-23 წიგნი 12 ლ  
          ბათუმის შოთა რუსთაველის სახელმწიფო უნივერსიტეტის მთავარი ბიბლიოთეკა ბათუმის შოთა რუსთაველის სახელმწიფო უნივერსიტეტის მთავარი ბიბლიოთეკა წიგნსაცავი 2025-02-07 7.00 338.48 (479.22) (063) ტ-92 70596 2025-02-07 70596 2025-02-07 წიგნი 7 ლ. ნაჩუქარი
          ბათუმის შოთა რუსთაველის სახელმწიფო უნივერსიტეტის მთავარი ბიბლიოთეკა პროფესიული პროგრამების მართვის და უწყვეტი განათლების ცენტრის ბიბლიოთეკა წიგნსაცავი 2022-07-01 12.00 338.48 (479.22) (063) ტ-92 62943 2022-07-01 62943 2022-07-01 წიგნი 12.00